| 000 | 00796nam a2200241Ia 4500 | ||
|---|---|---|---|
| 003 | OSt | ||
| 005 | 20220926015320.0 | ||
| 006 | a|||||r|||| 00| 0 | ||
| 007 | ta | ||
| 008 | 220923b |||||||| |||| 00| 0 eng d | ||
| 020 |
_a9780195181630 _c968.53999999999996 |
||
| 037 |
_b37051, 12/03/2013, Segment Book Distrobutors _cGeneral Book |
||
| 040 |
_aRTL _cRTL _beng |
||
| 041 |
_2eng _aeng |
||
| 082 | _aY31:4353.678, M9 | ||
| 100 |
_aDE WAAL Alex _9276739 |
||
| 245 | 0 |
_aFamine that kills _b Darfur, Sudan. |
|
| 260 |
_aNew York _bOxford University Press _c1989 |
||
| 300 |
_axxix, 258p. Bib: p xx-xxi _ccm. |
||
| 650 | _aSociology | ||
| 942 |
_hY31:4353.678, M9 _cGB _2CC |
||
| 999 |
_c631057 _d631057 |
||